000 003060000a22001330004500
003 MACL
040 _aMACL
090 _c37362
_d37360
100 _aScott, Temple
245 _aThe prose works of Jonahtan Swift
_bvol 1
260 _bG Bell & Sons Ltd
_c1911
650 _aLiterature
942 _cBOOK
_k800/SCO
999 _c36959
_d36959